000 03977cam a22003974a 4500
999 _c234278
_d234278
001 15339462
003 Nust
005 20170316171741.0
008 080623s2008 dcuab b 100 0 eng c
010 _a 2008274445
020 _a0309108977 (pbk.)
020 _a9780309108973 (pbk.)
035 _a(OCoLC)ocn221141691
040 _cASAB
042 _apcc
050 0 0 _aRA643
_b.V43 2008
082 0 0 _a362.196/9
_222
245 0 0 _aVector-borne diseases :
_bEpidemiology and control
_ceditor : Dr. B.K. Tyagi
260 _aWashington, D.C. :
_bNational Academies Press,
_cc2008.
300 _axxii, 298 p. :
_bill. (some col.), maps (some col.) ;
_c23 cm.
504 _aIncludes bibliographical references.
505 0 _aSummary and assessment -- Vector-borne disease emergence and resurgence. Overview -- The global threat of emergent/reemergent vector-borne diseases / Duane J. Gubler -- Why we do not understand the ecological connections between the environment and human health: the case for vector-borne disease / Durland Fish -- Ecology of emerging vector-borne plant diseases / Rodrigo P.P. Almeida -- Ecology of dsiease: the intersection of human and animal health / Kenneth J. Linthicum ... [et al.] -- Climate change and health: global to local influences on disease risk / Jonathan A. Patz and Sarah H. Olson -- Climate change and vector-borne disease: update on climate effects on Lyme disease and West Nile Virus in North America / Jonathan A. Patz and Christopher K. Uejio -- Vector-borne disease detection and control. Overview -- Longitudinal field studies will guide a paradigm shift in dengue prevention / Thomas W. Scott and Amy C. Morrison -- Innovative decision support and vector control approaches to control denge / Lars Eisen and Barry J. Beaty -- West Nile virus / Lyle R. Petersen --
505 0 _aRift Valley fever is an emerging arthropod-borne virus / C.J. Peters -- The implications of entomological monitoring and evaluation for arthropod vector-borne disease control programs / Michael Coleman and Janet Hemingway -- Vector-borne zoonotic diseases and their ecological and economic implications: bluetongue disease in Europe / Bennie I. Osburn -- Environmental factors influence transmission of sin nombre hantavirus between rodents (and to humans?) / Charles H. Calisher ... [et al.] -- Integrating strategies to address vector-borne disease. Overview -- Needs and opportunities to control vector-borne diseases: responses to the IOM microbial threats to health committee recommendations / Barry J. Beaty and Lars Eisen -- Integration of strategies: surveillance, diagnosis, and response / Roger S. Nasci -- Surveillance, diagnosis, and response: integration of strategies / Sherrilyn Wainwright -- Confronting vector-borne diseases in an age of ecologic change / David M. Morens -- The vector biology program at the National Institute of Allergy and Infectious Diseases / Adriana Costero -- Appendixes.
530 _aAlso available via the World Wide Web.
650 0 _aCommunicable diseases
_xPrevention
_vCongresses
650 0 _aEpidemics
_vCongresses
650 0 _aAnimals as carriers of disease
_vCongresses
650 2 _aCommunicable Disease Control
_vCongresses.
650 2 _aDisease Outbreaks
_vCongresses.
650 2 _aDisease Vectors
_vCongresses.
700 1 _aLemon, Stanley M.
710 2 _aInstitute of Medicine (U.S.).
_bForum on Microbial Threats.
856 4 1 _3Table of contents
_uhttp://www.loc.gov/catdir/toc/fy0804/2008274445.html
906 _a7
_bcbc
_cpccadap
_d2
_eepcn
_f20
_gy-gencatlg
942 _2ddc
_cBK